L´Ingénieux Hidalgo Don Quichotte de la Manche (Record no. 2840)

MARC details
000 -CABECERA
campo de control de longitud fija 01527nam a2200325 a 4500
001 - NÚMERO DE CONTROL
campo de control BRCA_3104
005 - FECHA Y HORA DE LA ÚLTIMA TRANSACCIÓN
campo de control 20190320204120.0
008 - DATOS DE LONGITUD FIJA--INFORMACIÓN GENERAL
campo de control de longitud fija 280109s1845----fr-a---###---#000-0dfre-u
041 ## - CÓDIGO DE LENGUA
Código de lengua del texto/banda sonora o título independiente fre
044 ## - CÓDIGO DEL PAÍS DE LA ENTIDAD EDITORA/PRODUCTORA
Código MARC del país fr
084 ## - OTRO NÚMERO DE CLASIFICACIÓN
Número de clasificación 409
Número de documento/Ítem .D83
-- 1845
100 1# - ENTRADA PRINCIPAL--NOMBRE DE PERSONA
Nombre de persona Cervantes Saavedra, Miguel de
Fechas asociadas al nombre 1547-1616
9 (RLIN) 213
245 10 - MENCIÓN DE TÍTULO
Título L´Ingénieux Hidalgo Don Quichotte de la Manche
Mención de responsabilidad, etc. par Miguel de Cervantes Saavedra.
260 ## - PUBLICACIÓN, DISTRIBUCIÓN, ETC.
Lugar de publicación, distribución, etc. París
Nombre del editor, distribuidor, etc. J.J. Dubochet
Fecha de publicación, distribución, etc. 1845
300 ## - DESCRIPCIÓN FÍSICA
Extensión xvi, 888 p.
Otras características físicas il.
Dimensiones 27 cm.
500 ## - NOTA GENERAL
Nota general Contenido : Primera parte. Noticia sobre la vida y obra de Cervantes por L. Viardot. Prólogo del autor. Texto. Segunda parte. Prólogo del autor. Texto
500 ## - NOTA GENERAL
Nota general Edición : Traduit et annoté par Louis Viardot. Vignettesn de Tony Johannot
500 ## - NOTA GENERAL
Nota general Reimpresión, en un solo volumen, de la edición publicada por los mismos editores, en 1836-37, figurando en el contexto las graciosas ilustraciones de Tony Johannot. Tela; lomo y planos decorados con motivos quijotiles dorados Lúdovik Osterc
500 ## - NOTA GENERAL
Nota general QM334
546 ## - NOTA DE LENGUA/LENGUAJE
Nota de lengua/lenguaje Texto en : francés
650 14 - PUNTO DE ACCESO ADICIONAL DE MATERIA--TÉRMINO DE MATERIA
Término de materia o nombre geográfico como elemento de entrada Novela española
Subdivisión cronológica Época clásica, 1500-1700
9 (RLIN) 215
650 14 - PUNTO DE ACCESO ADICIONAL DE MATERIA--TÉRMINO DE MATERIA
Término de materia o nombre geográfico como elemento de entrada Literatura española
Subdivisión cronológica Época clásica, 1500-1700
9 (RLIN) 216
650 14 - PUNTO DE ACCESO ADICIONAL DE MATERIA--TÉRMINO DE MATERIA
Término de materia o nombre geográfico como elemento de entrada Novela española
Subdivisión cronológica Siglo XVII
9 (RLIN) 217
650 14 - PUNTO DE ACCESO ADICIONAL DE MATERIA--TÉRMINO DE MATERIA
Término de materia o nombre geográfico como elemento de entrada Don Quijote (Personaje ficticio)
Término indicativo de función/relación Novela
9 (RLIN) 218
700 1# - PUNTO DE ACCESO ADICIONAL--NOMBRE DE PERSONA
Nombre de persona Viardot, Louis
Fechas asociadas al nombre 1800-1883
Término indicativo de función/relación Traductor
9 (RLIN) 8455
700 1# - PUNTO DE ACCESO ADICIONAL--NOMBRE DE PERSONA
Nombre de persona Johannot, Tony
Fechas asociadas al nombre 1803-1852
Término indicativo de función/relación Ilustrador
9 (RLIN) 8456
740 0# - PUNTO DE ACCESO ADICIONAL--TÍTULO RELACIONADO O ANALÍTICO NO CONTROLADO
Título relacionado o analítico no controlado El Ingenioso Hidalgo Don Quijote de la Mancha
902 ## - CATALOGADOR
Iniciales QFM
942 ## - ELEMENTOS DE PUNTO DE ACCESO ADICIONAL (KOHA)
Fuente del sistema de clasificación o colocación Library of Congress Classification
Tipo de ítem Koha Libros
Holdings
Estado de retiro Estado de pérdida Estado dañado No para préstamo Localización permanente Ubicación/localización actual Fecha de adquisición Número de inventario Total de préstamos Signatura topográfica completa Código de barras Fecha visto por última vez Precio válido a partir de Tipo de ítem Koha
El ejemplar forma parte de la colección y puede ser consultado según las políticas vigentes.       Biblioteca del Museo Franz Mayer (Rogerio Casas-Alatriste) Biblioteca del Museo Franz Mayer (Rogerio Casas-Alatriste) 28/01/2009 QM334   409 .D83 1845 (QM334) 3101 22/03/2019 22/03/2019 Libros